[Event "3. Open Stadium Casablanca 2009"]
[Site "Zaragoza ESP"]
[Date "2010.01.02"]
[Round "8.4"]
[White "Matamoros Franco, Carlos S"]
[Black "Moreno Gracia, Daniel"]
[Result "1/2-1/2"]
[WhiteElo "2541"]
[BlackElo "2323"]
[PlyCount "45"]
[EventDate "2009.12.26"]
[EventType "swiss"]
[EventRounds "9"]
[EventCountry "ESP"]
[Source "lmi"]
[SourceDate "2009.12.26"]

1. c4 e6 2. g3 d5 3. Bg2 Nf6 4. Nf3 dxc4 5. Qa4+ c6 6. Qxc4 b5 7. Qc2 Bb7 8. d4
Nbd7 9. Ne5 Qb6 10. Be3 Bb4+ 11. Nd2 c5 12. dxc5 Bxc5 13. Bxc5 Nxc5 14. Bxb7
Qxb7 15. O-O Rc8 16. Rac1 O-O 17. Ndf3 Ncd7 18. Qd3 Nxe5 19. Nxe5 Rfd8 20. Rxc8
Rxc8 21. Rd1 g6 22. Qd4 Qd5 23. Qxd5 1/2-1/2

[Event "3. Open Stadium Casablanca 2009"]
[Site "Zaragoza ESP"]
[Date "2010.01.02"]
[Round "8.5"]
[White "Franco Ocampos, Zenon"]
[Black "Romon Poves, Raul"]
[Result "1-0"]
[WhiteElo "2516"]
[BlackElo "2284"]
[PlyCount "71"]
[EventDate "2009.12.26"]
[EventType "swiss"]
[EventRounds "9"]
[EventCountry "ESP"]
[Source "lmi"]
[SourceDate "2009.12.26"]

1. c4 Nf6 2. Nc3 g6 3. g3 Bg7 4. Bg2 O-O 5. d3 d6 6. e4 e5 7. Nge2 Nc6 8. O-O
a6 9. h3 b5 10. Bg5 h6 11. Be3 Be6 12. Nd5 Nd7 13. Qd2 Nd4 14. Nxd4 exd4 15.
Bxh6 Bxh6 16. Qxh6 bxc4 17. dxc4 c6 18. b3 cxd5 19. cxd5 Bxd5 20. exd5 a5 21.
Rad1 Qb6 22. h4 Nf6 23. Bf3 Rfe8 24. h5 Nxh5 25. Bxh5 gxh5 26. Qg5+ Kf8 27.
Qxh5 Kg7 28. Qg5+ Kf8 29. Qf6 a4 30. Rxd4 Qd8 31. Qh6+ Ke7 32. Re1+ Kd7 33.
Qh3+ Kc7 34. Rc1+ Kb6 35. Rb4+ Ka7 36. Qg4 1-0

[Event "3. Open Stadium Casablanca 2009"]
[Site "Zaragoza ESP"]
[Date "2010.01.02"]
[Round "8.6"]
[White "Fierro Baquero, Martha L"]
[Black "Glavina, Pablo"]
[Result "0-1"]
[WhiteElo "2354"]
[BlackElo "2461"]
[PlyCount "92"]
[EventDate "2009.12.26"]
[EventType "swiss"]
[EventRounds "9"]
[EventCountry "ESP"]
[Source "lmi"]
[SourceDate "2009.12.26"]

1. e4 e5 2. Nf3 Nc6 3. Bb5 a6 4. Ba4 Nf6 5. O-O Bc5 6. d3 b5 7. Bb3 d6 8. a4
Bg4 9. c3 O-O 10. h3 Bxf3 11. Qxf3 Na5 12. Bc2 b4 13. Bg5 Rb8 14. Nd2 h6 15.
Bh4 g5 16. Bg3 Qe7 17. Rfe1 bxc3 18. bxc3 Rb2 19. Rac1 Rfb8 20. d4 Bb6 21. dxe5
dxe5 22. Qf5 Re8 23. Nf1 Nc4 24. Bd3 Nd6 25. Qf3 Nd7 26. Ne3 Qf6 27. Qh5 Bxe3
28. Rxe3 Nc5 29. Bc2 Kg7 30. Qd1 Nc4 31. Rf3 Rd8 32. Rxf6 Rxd1+ 33. Rxd1 Kxf6
34. Rd5 Ne6 35. Bd3 c6 36. Bxc4 cxd5 37. exd5 Rb1+ 38. Kh2 Nc5 39. f3 Rc1 40.
Bf2 Rxc3 41. Bf1 Rc1 42. Bxc5 Rxf1 43. d6 Ke6 44. a5 Ra1 45. Bb6 Kxd6 46. g4
Ke6 0-1

[Event "3. Open Stadium Casablanca 2009"]
[Site "Zaragoza ESP"]
[Date "2010.01.02"]
[Round "8.7"]
[White "Cruz, Jonathan"]
[Black "Mogranzini, Roberto"]
[Result "0-1"]
[WhiteElo "2343"]
[BlackElo "2415"]
[PlyCount "134"]
[EventDate "2009.12.26"]
[EventType "swiss"]
[EventRounds "9"]
[EventCountry "ESP"]
[Source "lmi"]
[SourceDate "2009.12.26"]

1. d4 Nf6 2. c4 g6 3. Nc3 Bg7 4. e4 d6 5. Be2 O-O 6. Nf3 e5 7. O-O Nc6 8. d5
Ne7 9. b4 Nh5 10. Re1 Kh8 11. Nd2 Nf4 12. Bf1 f5 13. g3 Nh5 14. c5 Nf6 15. Bg2
Neg8 16. Ba3 Nh6 17. Nc4 Nf7 18. b5 f4 19. b6 axb6 20. cxb6 cxb6 21. Nb5 Rxa3
22. Nbxa3 Ng5 23. Qb3 f3 24. Bf1 Bh3 25. Qxb6 Bxf1 26. Qxd8 Bg2 27. Qd7 Nxd7
28. h4 Nh3+ 29. Kh2 Nf6 30. Ne3 Nxf2 31. Nxg2 N6g4+ 32. Kg1 fxg2 33. Kxg2 Nd3
34. Re2 Rc8 35. Rb1 Nc5 36. Nc4 Bf8 37. Na5 Rc7 38. Rb4 h5 39. a4 Kg8 40. Kh3
Nf6 41. Reb2 Nd3 42. Rxb7 Nxb2 43. Rxc7 Nxa4 44. Nc6 Nc5 45. Nd8 Nfxe4 46. Ne6
Nf6 47. Rc8 Nxe6 48. dxe6 Nd5 49. Kg2 Kg7 50. Kf3 Be7 51. Ke4 Nf6+ 52. Kd3 Ng4
53. Ke4 Kf6 54. Rg8 Kxe6 55. Ra8 d5+ 56. Kf3 Kf5 57. Ra7 e4+ 58. Kg2 Bf6 59.
Ra5 Ke5 60. Rb5 Ne3+ 61. Kf2 Nf5 62. Ra5 Be7 63. Rb5 e3+ 64. Kg2 Ke4 65. Rb6 d4
66. Rxg6 Bb4 67. Re6+ Kd3 0-1

[Event "3. Open Stadium Casablanca 2009"]
[Site "Zaragoza ESP"]
[Date "2010.01.02"]
[Round "8.8"]
[White "Matnadze, Ana"]
[Black "Forcen Esteban, Daniel"]
[Result "0-1"]
[WhiteElo "2401"]
[BlackElo "2327"]
[PlyCount "74"]
[EventDate "2009.12.26"]
[EventType "swiss"]
[EventRounds "9"]
[EventCountry "ESP"]
[Source "lmi"]
[SourceDate "2009.12.26"]

1. e4 c5 2. Nc3 Nc6 3. f4 g6 4. Nf3 Bg7 5. Bc4 d6 6. O-O e6 7. d3 Nf6 8. Qe1
O-O 9. f5 d5 10. Bb3 c4 11. Ba4 dxe4 12. dxe4 exf5 13. Bxc6 bxc6 14. e5 Nd5 15.
Kh1 Re8 16. Qg3 Nxc3 17. bxc3 Qa5 18. Qh4 Be6 19. Bh6 Qxc3 20. Rae1 Qb4 21. Rb1
Qf8 22. Bg5 Bd5 23. Bf6 Bxf6 24. exf6 Re4 25. Qg5 Qd6 26. h3 Re2 27. Nh4 h6 28.
Qxh6 Qxf6 29. Rbe1 Rae8 30. Rxe2 Rxe2 31. Rb1 Qe5 32. Qg5 Kg7 33. Rf1 Be4 34.
Rd1 c3 35. Rf1 Rxc2 36. Qe3 Rxg2 37. Nf3 Rh2+ 0-1

[Event "3. Open Stadium Casablanca 2009"]
[Site "Zaragoza ESP"]
[Date "2010.01.02"]
[Round "8.9"]
[White "Lopez Gracia, Fernando"]
[Black "Antoli Royo, Joaquin Miguel"]
[Result "0-1"]
[WhiteElo "2315"]
[BlackElo "2390"]
[PlyCount "82"]
[EventDate "2009.12.26"]
[EventType "swiss"]
[EventRounds "9"]
[EventCountry "ESP"]
[Source "lmi"]
[SourceDate "2009.12.26"]

1. e4 c5 2. Nf3 Nc6 3. d4 cxd4 4. Nxd4 e5 5. Nb5 a6 6. Nd6+ Bxd6 7. Qxd6 Qf6 8.
Qxf6 Nxf6 9. Nc3 Nb4 10. Kd2 d6 11. a3 Nc6 12. Ke1 Be6 13. Bg5 Ne7 14. Rd1
O-O-O 15. Bd3 h6 16. Bxf6 gxf6 17. f3 f5 18. exf5 Bxf5 19. Nd5 Bxd3 20. Rxd3
Nxd5 21. Rxd5 Kd7 22. Kf2 Rc8 23. c3 Ke6 24. Rhd1 Rhd8 25. f4 f6 26. f5+ Kxf5
27. Rxd6 Rxd6 28. Rxd6 Rc7 29. Ke3 h5 30. a4 h4 31. Rb6 Rg7 32. Kf2 e4 33. g3
Rd7 34. gxh4 Kg4 35. h5 f5 36. h6 Kf4 37. Ke2 a5 38. Re6 Rd3 39. h7 Rh3 40. Re7
Rxh2+ 41. Kd1 Ke3 0-1

[Event "3. Open Stadium Casablanca 2009"]
[Site "Zaragoza ESP"]
[Date "2010.01.02"]
[Round "8.10"]
[White "Quintin Navarro, Alberto"]
[Black "Estremera Panos, Sergio"]
[Result "1/2-1/2"]
[WhiteElo "2072"]
[BlackElo "2380"]
[PlyCount "40"]
[EventDate "2009.12.26"]
[EventType "swiss"]
[EventRounds "9"]
[EventCountry "ESP"]
[Source "lmi"]
[SourceDate "2009.12.26"]

1. d4 Nf6 2. c4 e6 3. Nf3 b6 4. g3 Bb4+ 5. Bd2 Be7 6. Bg2 c6 7. Bc3 d5 8. Nbd2
O-O 9. O-O Bb7 10. Qc2 c5 11. Ne5 Qc7 12. e4 dxc4 13. Nexc4 cxd4 14. Bxd4 b5
15. Ne3 Qd7 16. Bxf6 Bxf6 17. Rad1 Rc8 18. Qb3 Na6 19. Ng4 Be7 20. Nc4 Qc7
1/2-1/2

[Event "3. Open Stadium Casablanca 2009"]
[Site "Zaragoza ESP"]
[Date "2010.01.03"]
[Round "9.1"]
[White "Adla, Diego"]
[Black "Cruz, Cristhian"]
[Result "1/2-1/2"]
[WhiteElo "2498"]
[BlackElo "2523"]
[PlyCount "22"]
[EventDate "2009.12.26"]
[EventType "swiss"]
[EventRounds "9"]
[EventCountry "ESP"]
[Source "lmi"]
[SourceDate "2009.12.26"]

1. e4 e6 2. d4 d5 3. Nd2 Nf6 4. e5 Nfd7 5. Bd3 c5 6. c3 Nc6 7. Ne2 cxd4 8. cxd4
f6 9. exf6 Nxf6 10. O-O Bd6 11. Nf3 O-O 1/2-1/2

[Event "3. Open Stadium Casablanca 2009"]
[Site "Zaragoza ESP"]
[Date "2010.01.03"]
[Round "9.2"]
[White "Glavina, Pablo"]
[Black "Oms Pallisse, Josep"]
[Result "1-0"]
[WhiteElo "2461"]
[BlackElo "2490"]
[PlyCount "75"]
[EventDate "2009.12.26"]
[EventType "swiss"]
[EventRounds "9"]
[EventCountry "ESP"]
[Source "lmi"]
[SourceDate "2009.12.26"]

1. Nf3 Nf6 2. c4 e6 3. g3 d5 4. d4 dxc4 5. Bg2 c6 6. O-O b5 7. a4 Bb7 8. Ne5
Qc8 9. b3 cxb3 10. Qxb3 b4 11. a5 c5 12. Qa4+ Nfd7 13. Bxb7 Qxb7 14. dxc5 Bxc5
15. Rd1 f6 16. Nxd7 Nxd7 17. Nd2 O-O 18. Nb3 Rad8 19. a6 Qc8 20. Rxd7 Qxd7 21.
Qxd7 Rxd7 22. Nxc5 Rd1+ 23. Kg2 Rc8 24. Nd3 e5 25. f3 Kf7 26. Rb1 Kg6 27. Kf2
Rc6 28. h4 h5 29. Rxb4 Rxd3 30. exd3 Rxc1 31. Rb7 Ra1 32. Rxa7 Kf5 33. Ra8 g6
34. Ke3 Ra2 35. a7 Ra1 36. g4+ hxg4 37. fxg4+ Kxg4 38. h5 1-0

[Event "3. Open Stadium Casablanca 2009"]
[Site "Zaragoza ESP"]
[Date "2010.01.03"]
[Round "9.3"]
[White "Leon Hoyos, Manuel"]
[Black "Antoli Royo, Joaquin Miguel"]
[Result "1-0"]
[WhiteElo "2516"]
[BlackElo "2390"]
[PlyCount "63"]
[EventDate "2009.12.26"]
[EventType "swiss"]
[EventRounds "9"]
[EventCountry "ESP"]
[Source "lmi"]
[SourceDate "2009.12.26"]

1. Nf3 Nf6 2. g3 g6 3. c4 c6 4. b3 Bg7 5. Bb2 O-O 6. Bg2 d5 7. O-O Re8 8. d3 a5
9. Qc2 dxc4 10. bxc4 Nbd7 11. Nbd2 e5 12. a4 h6 13. Rfd1 Qc7 14. c5 Bf8 15. Nb3
Nd5 16. Rac1 Nb8 17. Nfd2 Be6 18. Qb1 Nd7 19. Qa1 f6 20. h3 b6 21. d4 b5 22.
axb5 a4 23. bxc6 Qxc6 24. e4 axb3 25. Qb1 exd4 26. Nxb3 Nc3 27. Bxc3 dxc3 28.
e5 Qa4 29. Bxa8 Qxa8 30. Qxg6+ Bg7 31. Rxd7 Bxd7 32. exf6 1-0

[Event "3. Open Stadium Casablanca 2009"]
[Site "Zaragoza ESP"]
[Date "2010.01.03"]
[Round "9.4"]
[White "Moreno Gracia, Daniel"]
[Black "Franco Ocampos, Zenon"]
[Result "0-1"]
[WhiteElo "2323"]
[BlackElo "2516"]
[PlyCount "68"]
[EventDate "2009.12.26"]
[EventType "swiss"]
[EventRounds "9"]
[EventCountry "ESP"]
[Source "lmi"]
[SourceDate "2009.12.26"]

1. c4 Nf6 2. Nc3 d5 3. cxd5 Nxd5 4. g3 g6 5. Bg2 Nb6 6. Nf3 Bg7 7. O-O O-O 8.
d3 Nc6 9. Be3 h6 10. Qd2 Kh7 11. Rac1 e5 12. b4 Re8 13. b5 Nd4 14. Ne1 a6 15.
bxa6 Rxa6 16. Nc2 c6 17. Nb4 Ra8 18. Ne4 Na4 19. Rfe1 Qe7 20. Rb1 Be6 21. f4 f5
22. Nf2 exf4 23. Bxf4 Nc3 24. Rb2 Ra4 25. a3 Rxa3 26. Nc2 Ncxe2+ 27. Kh1 Nxf4
28. Qxf4 Nxc2 29. Rxc2 Qd7 30. Rce2 Ra2 31. h4 Rxe2 32. Rxe2 Bf7 33. Rc2 Be5
34. Qe3 Bb8 0-1

[Event "3. Open Stadium Casablanca 2009"]
[Site "Zaragoza ESP"]
[Date "2010.01.03"]
[Round "9.5"]
[White "Mogranzini, Roberto"]
[Black "Forcen Esteban, Daniel"]
[Result "1/2-1/2"]
[WhiteElo "2415"]
[BlackElo "2327"]
[PlyCount "80"]
[EventDate "2009.12.26"]
[EventType "swiss"]
[EventRounds "9"]
[EventCountry "ESP"]
[Source "lmi"]
[SourceDate "2009.12.26"]

1. e4 c5 2. Nf3 d6 3. d4 Nf6 4. Nc3 cxd4 5. Nxd4 a6 6. a4 e5 7. Nf3 Be7 8. Bg5
Be6 9. Bxf6 Bxf6 10. Nd5 Bxd5 11. Qxd5 Qc7 12. Bc4 O-O 13. O-O Nd7 14. Bb3 Be7
15. Nd2 Rad8 16. a5 Nf6 17. Qd3 Qc6 18. c4 Qc7 19. Bc2 Rc8 20. b4 d5 21. c5
Rcd8 22. exd5 Rxd5 23. Qe2 Rd4 24. Rab1 Nd5 25. Nf3 Rxb4 26. Qd3 e4 27. Qxd5
Rxb1 28. Rxb1 exf3 29. Rxb7 Qxc5 30. Qe4 g6 31. Rxe7 Qg5 32. g3 Qc1+ 33. Qe1
Qxc2 34. h3 h6 35. Qe3 Rd8 36. Re8+ Rxe8 37. Qxe8+ Kg7 38. Qe5+ Kg8 39. Qe8+
Kg7 40. Qe5+ Kg8 1/2-1/2

[Event "3. Open Stadium Casablanca 2009"]
[Site "Zaragoza ESP"]
[Date "2010.01.03"]
[Round "9.6"]
[White "Lana Rodriguez, David"]
[Black "Matamoros Franco, Carlos S"]
[Result "0-1"]
[WhiteElo "2239"]
[BlackElo "2541"]
[PlyCount "110"]
[EventDate "2009.12.26"]
[EventType "swiss"]
[EventRounds "9"]
[EventCountry "ESP"]
[Source "lmi"]
[SourceDate "2009.12.26"]

1. e4 c6 2. Nc3 d5 3. d4 dxe4 4. Nxe4 Bf5 5. Ng3 Bg6 6. Nf3 Nd7 7. Bd3 Ngf6 8.
Bg5 e6 9. Qe2 Qa5+ 10. Bd2 Qc7 11. O-O Be7 12. Rfe1 Bxd3 13. Qxd3 O-O 14. Ne4
c5 15. Nxf6+ Nxf6 16. dxc5 Bxc5 17. Be3 Bxe3 18. Rxe3 b5 19. c3 Rab8 20. Qd4
Rfd8 21. Qh4 Rd5 22. Qg3 Qb7 23. Rae1 Rbd8 24. Re5 h6 25. Qf4 a6 26. h3 a5 27.
Qe3 Rc8 28. Qe2 Qb6 29. Qe3 Qxe3 30. R1xe3 Kf8 31. a3 Rcc5 32. Kf1 Ke7 33. Rxd5
Nxd5 34. Re4 Nb6 35. Nd4 Nc4 36. Re2 Kd6 37. Ke1 Rd5 38. Nb3 e5 39. Nd2 f5 40.
Nf1 Rd3 41. Rc2 e4 42. Ke2 a4 43. Nd2 Nxd2 44. Rxd2 Rxd2+ 45. Kxd2 f4 46. h4 g5
47. hxg5 hxg5 48. Kc2 Kd5 49. b3 axb3+ 50. Kxb3 e3 51. fxe3 fxe3 52. Kc2 Kc4
53. g4 e2 54. Kd2 e1=Q+ 55. Kxe1 Kxc3 0-1

[Event "3. Open Stadium Casablanca 2009"]
[Site "Zaragoza ESP"]
[Date "2010.01.03"]
[Round "9.7"]
[White "Vega Gutierrez, Belinda"]
[Black "Garza Marco, Sergio"]
[Result "1-0"]
[WhiteElo "2218"]
[BlackElo "2452"]
[PlyCount "115"]
[EventDate "2009.12.26"]
[EventType "swiss"]
[EventRounds "9"]
[EventCountry "ESP"]
[Source "lmi"]
[SourceDate "2009.12.26"]

1. e4 g6 2. d4 Bg7 3. Nc3 c6 4. f4 d5 5. e5 Nh6 6. Be3 Qb6 7. b3 Ng4 8. Qd2 Bf5
9. Bd3 Bxd3 10. Qxd3 Na6 11. a3 Qa5 12. Ra2 Nxe3 13. Qxe3 e6 14. Nf3 Bf8 15. b4
Qc7 16. O-O Nb8 17. Rb1 Nd7 18. Ne2 Be7 19. Nd2 a5 20. c3 O-O 21. Rc2 Kg7 22.
c4 axb4 23. axb4 dxc4 24. Nxc4 Nb6 25. Nxb6 Qxb6 26. g4 Kh8 27. Kf2 f6 28. Kg3
Qb5 29. exf6 Bxf6 30. Rc5 Qa6 31. b5 Qa2 32. Rb3 Qa1 33. Rc1 Qa4 34. bxc6 bxc6
35. g5 Bg7 36. Rb7 Qa3 37. Rc3 Qd6 38. Rb6 Ra5 39. h4 Rc8 40. Qe4 Rd5 41. Rc4
Qd7 42. Qc2 Rd6 43. Qe4 Kg8 44. Kg2 Rd5 45. Qc2 Rd6 46. Qe4 Kf7 47. Kg3 Rd5 48.
Qc2 Rd6 49. Qe4 Rc7 50. h5 Rd5 51. h6 Bh8 52. Rb8 Rc8 53. Qb1 Ra5 54. Rxc8 Qxc8
55. Rb4 Ra7 56. Rb8 Qa6 57. Rxh8 Qxe2 58. Rxh7+ 1-0

[Event "3. Open Stadium Casablanca 2009"]
[Site "Zaragoza ESP"]
[Date "2010.01.03"]
[Round "9.8"]
[White "Quintin Navarro, Alberto"]
[Black "Cruz, Filemon"]
[Result "0-1"]
[WhiteElo "2072"]
[BlackElo "2412"]
[PlyCount "100"]
[EventDate "2009.12.26"]
[EventType "swiss"]
[EventRounds "9"]
[EventCountry "ESP"]
[Source "lmi"]
[SourceDate "2009.12.26"]

1. d4 d5 2. c4 c6 3. cxd5 cxd5 4. Nc3 Nc6 5. Bf4 Nf6 6. e3 a6 7. Bd3 Bg4 8. f3
Bh5 9. Rc1 Bg6 10. Nge2 e6 11. O-O Bxd3 12. Qxd3 Nh5 13. Na4 Nxf4 14. Nxf4 Bd6
15. Nc5 Qe7 16. Qd2 O-O 17. Nfd3 e5 18. dxe5 Nxe5 19. Nxe5 Qxe5 20. f4 Qe7 21.
Qxd5 Qxe3+ 22. Kh1 Bxc5 23. Qxc5 Qe2 24. Qc3 Rad8 25. Rce1 Qb5 26. f5 Rd3 27.
Qc1 Qd5 28. Rd1 Rxd1 29. Qxd1 Qxa2 30. f6 Qxb2 31. Qg4 g6 32. Qg5 Rd8 33. h4
Qd2 34. Rf4 Rd4 35. Qc5 Rd8 36. Qg5 Qe1+ 37. Kh2 Qe8 38. Rb4 b5 39. h5 Qf8 40.
hxg6 hxg6 41. Rh4 Rd3 42. g3 Rc3 43. Qd2 Rc6 44. Rd4 Rxf6 45. Qa5 Rd6 46. Rh4
Qd8 47. Qc3 Rd2+ 48. Kh3 Qd7+ 49. Rg4 Rd5 50. Qb4 Rg5 0-1

[Event "3. Open Stadium Casablanca 2009"]
[Site "Zaragoza ESP"]
[Date "2010.01.03"]
[Round "9.9"]
[White "Estremera Panos, Sergio"]
[Black "Iturbide Arnedo, Oscar"]
[Result "0-1"]
[WhiteElo "2380"]
[BlackElo "2080"]
[PlyCount "78"]
[EventDate "2009.12.26"]
[EventType "swiss"]
[EventRounds "9"]
[EventCountry "ESP"]
[Source "lmi"]
[SourceDate "2009.12.26"]

1. d4 g6 2. c4 Bg7 3. Nc3 d6 4. Nf3 e5 5. dxe5 dxe5 6. Qxd8+ Kxd8 7. Bd2 f6 8.
O-O-O Bd7 9. g4 Nc6 10. Be3 h5 11. Ne4 Ke8 12. Nh4 hxg4 13. Nc5 Bc8 14. Nxg6
Rh7 15. Bg2 Kf7 16. Bd5+ Kxg6 17. Bxg8 Rh8 18. Bd5 Nb4 19. Be4+ f5 20. Bb1 Bh6
21. Bxh6 Kxh6 22. h3 Kg5 23. hxg4 Rxh1 24. Rxh1 b6 25. Na4 Kxg4 26. Rg1+ Kf4
27. Nc3 e4 28. a3 Na6 29. Nd5+ Ke5 30. f4+ exf3 31. exf3 Be6 32. f4+ Kd6 33.
Rd1 Kc6 34. Ne7+ Kc5 35. b4+ Nxb4 36. axb4+ Kxb4 37. Nd5+ Bxd5 38. cxd5 a5 39.
Re1 a4 0-1

[Event "3. Open Stadium Casablanca 2009"]
[Site "Zaragoza ESP"]
[Date "2010.01.03"]
[Round "9.10"]
[White "Stella, Andrea"]
[Black "Villuendas Valero, Adrian"]
[Result "0-1"]
[WhiteElo "2346"]
[BlackElo "2192"]
[PlyCount "144"]
[EventDate "2009.12.26"]
[EventType "swiss"]
[EventRounds "9"]
[EventCountry "ESP"]
[Source "lmi"]
[SourceDate "2009.12.26"]

1. Nf3 d5 2. d4 Nf6 3. c4 dxc4 4. e3 Be6 5. Na3 g6 6. Nxc4 Bg7 7. Bd3 O-O 8.
O-O c5 9. Qe2 Nc6 10. dxc5 Qd5 11. Nd4 Nxd4 12. exd4 Qxd4 13. Be3 Qh4 14. Nd2
Ng4 15. Nf3 Qh5 16. Be4 Nxh2 17. Bf4 Nxf1 18. Bxb7 Qxc5 19. Bxa8 Rxa8 20. Rxf1
Qb4 21. Be5 Qc4 22. Qxc4 Bxc4 23. Ra1 f6 24. Bc3 e5 25. a3 Rc8 26. Re1 Bf8 27.
Nd2 Bd5 28. a4 Kf7 29. a5 Be7 30. Nf1 Be6 31. Nd2 Bd5 32. Nf1 Bc5 33. Ne3 Bxe3
34. Rxe3 a6 35. f3 h5 36. Kf1 h4 37. Re1 g5 38. Kg1 Ke6 39. Rc1 Rc6 40. b4 Bc4
41. Bd2 Bb5 42. Rxc6+ Bxc6 43. Kf2 e4 44. f4 g4 45. Bc3 Kf5 46. Bd2 g3+ 47. Kg1
Bb5 48. Be3 Bd3 49. Kh1 Ke6 50. Bd4 Bb5 51. Kg1 Bc4 52. Kh1 Be2 53. Kg1 Kf5 54.
Be3 Kg4 55. Bd2 Bb5 56. Be3 f5 57. Bd2 h3 58. Be3 Be2 59. Bd2 Bd3 60. Be3 Bc4
61. Bd2 Bb5 62. Bc1 Be2 63. Bd2 Kh5 64. Be3 hxg2 65. Kxg2 Kg4 66. Bd2 Bb5 67.
Be3 Bc6 68. Bc5 e3+ 69. Kf1 Kxf4 70. Ke2 Bb5+ 71. Ke1 Kf3 72. Bd6 f4 0-1